[Event "Sunny Beach op-C 13th"]
[Site "Sunny Beach"]
[Date "2014.09.14"]
[Round "9"]
[White "Valev, Dimitar"]
[Black "Ribarov, Plamen"]
[Result "0-1"]
[WhiteElo "1759"]
[BlackElo "1972"]
[PlyCount "64"]
[EventDate "2014.09.06"]
[EventType "swiss"]
[EventRounds "9"]
[EventCountry "BUL"]
[SourceTitle "CBM 162 Extra"]
[Source "ChessBase"]
[SourceDate "2014.10.17"]
[SourceVersion "1"]
[SourceVersionDate "2014.10.17"]
[SourceQuality "1"]

1. e4 c6 2. b3 d5 3. exd5 cxd5 4. Bb2 Nf6 5. d4 Bg4 6. Nf3 e6 7. Bb5+ Nc6 8. 0-0 Qa5 9. Bxc6+ bxc6 10. Nbd2 Ba3 11. Bxa3 Qxa3 12. Qc1 Qxc1 13. Raxc1 Bxf3 14. Nxf3 Ke7 15. Ne5 Rhc8 16. Nd3 Nd7 17. c4 a5 18. Nb2 Rab8 19. c5 Rb4 20. Rfd1 f6 21. f4 Kf7 22. Rc3 Re8 23. Re3 h6 24. Kf2 g5 25. g3 g4 26. Rd2 Kg6 27. Na4 Kf5 28. Nb2 h5 29. a3 Rb5 30. Rde2 e5 31. fxe5 fxe5 32. Rc2 Reb8 0-1

[Event "BUL-chT2"]
[Site "Albena"]
[Date "2011.06.04"]
[Round "4.3"]
[White "Ribarov, Plamen"]
[Black "Stoynov, Ivan"]
[Result "1-0"]
[WhiteElo "2068"]
[BlackElo "2304"]
[PlyCount "109"]
[EventDate "2011.06.02"]
[EventType "team-tourn"]
[EventRounds "9"]
[EventCountry "BUL"]
[SourceTitle "CBM 142 Extra"]
[Source "ChessBase"]
[SourceDate "2011.06.27"]
[SourceVersion "1"]
[SourceVersionDate "2011.06.27"]
[SourceQuality "1"]
[WhiteTeam "Dobrich Energiya 21"]
[BlackTeam "Sofia Slavia"]
[WhiteTeamCountry "BUL"]
[BlackTeamCountry "BUL"]

1. d4 g6 2. Nf3 Bg7 3. Bg5 d6 4. e3 Nd7 5. Bd3 Ngf6 6. Nbd2 0-0 7. 0-0 e5 8. c3 Qe7 9. Qc2 Re8 10. Ne4 h6 11. dxe5 dxe5 12. Bh4 Qe6 13. Qb3 Qxb3 14. axb3 Nxe4 15. Bxe4 f5 16. Bd5+ Kf8 17. Bg3 Nb6 18. Rfd1 g5 19. h3 f4 20. Bh2 c6 21. Be4 Be6 22. c4 Red8 23. Kf1 a6 24. Ke2 Ke7 25. Ne1 Nd7 26. f3 Nf6 27. Bc2 Rxd1 28. Rxd1 b5 29. c5 Nd5 30. exf4 gxf4 31. Bg1 Nb4 32. Rd6 Kf6 33. Be4 Bf8 34. Rd2 Bxb3 35. Rd7 Be7 36. Kd2 a5 37. Kc3 Be6 38. Rb7 Rd8 39. Ra7 Rd1 40. Bf2 Ra1 41. Bh4+ Kg7 42. Rxe7+ Bf7 43. Rxe5 Rd1 44. Re7 Na2+ 45. Kc2 Rc1+ 46. Kd2 Rxc5 47. Nd3 Rh5 48. Bf2 Kf8 49. Rc7 Rg5 50. Nxf4 Nb4 51. h4 Re5 52. Bd4 Re8 53. Bc5+ Kg8 54. Bxb4 axb4 55. Bxc6 1-0

[Event "BUL-chT2"]
[Site "Albena"]
[Date "2011.06.03"]
[Round "2.4"]
[White "Stefanov, Plamen"]
[Black "Ribarov, Plamen"]
[Result "1-0"]
[WhiteElo "2220"]
[BlackElo "2068"]
[PlyCount "65"]
[EventDate "2011.06.02"]
[EventType "team-tourn"]
[EventRounds "9"]
[EventCountry "BUL"]
[SourceTitle "CBM 142 Extra"]
[Source "ChessBase"]
[SourceDate "2011.06.27"]
[SourceVersion "1"]
[SourceVersionDate "2011.06.27"]
[SourceQuality "1"]
[WhiteTeam "Vratsa"]
[BlackTeam "Dobrich Energiya 21"]
[WhiteTeamCountry "BUL"]
[BlackTeamCountry "BUL"]

1. e4 c6 2. d4 d5 3. Nc3 g6 4. h3 Bg7 5. Nf3 h5 6. Be3 e6 7. Bd3 b6 8. Qe2 a5 9. 0-0 Ba6 10. Bxa6 Nxa6 11. exd5 cxd5 12. Qb5+ Qd7 13. Qxb6 Ne7 14. Qxa5 0-0 15. Qb5 Nc6 16. Qe2 Rfb8 17. b3 Rc8 18. Nb5 Nab4 19. c3 Na6 20. a4 Na5 21. Rfb1 Nc7 22. c4 Nxb5 23. axb5 Qc7 24. c5 Nb7 25. b4 Nd8 26. Ra6 Qd7 27. Rba1 Rxa6 28. Rxa6 Rb8 29. b6 Nc6 30. b5 Nd8 31. Ra7 Qe8 32. Bf4 Rb7 33. Ra8 1-0

[Event "BUL-ch Seniors"]
[Site "Sofia"]
[Date "2011.05.18"]
[Round "7"]
[White "Ljangov, Petar"]
[Black "Ribarov, Plamen"]
[Result "1-0"]
[WhiteElo "2064"]
[BlackElo "2068"]
[PlyCount "65"]
[EventDate "2011.05.14"]
[EventType "swiss"]
[EventRounds "9"]
[EventCountry "BUL"]
[SourceTitle "CBM 142 Extra"]
[Source "ChessBase"]
[SourceDate "2011.06.27"]
[SourceVersion "1"]
[SourceVersionDate "2011.06.27"]
[SourceQuality "1"]

1. d4 d5 2. Nf3 Nf6 3. c4 c6 4. e3 Bg4 5. Nc3 e6 6. Qb3 Qb6 7. Ne5 Bf5 8. Bd3 Bxd3 9. Nxd3 Nbd7 10. Bd2 Qa6 11. cxd5 Qxd3 12. dxe6 fxe6 13. Qxe6+ Be7 14. Rd1 Qa6 15. b3 c5 16. Qxa6 bxa6 17. d5 Nb6 18. e4 c4 19. 0-0 cxb3 20. axb3 Bb4 21. Na2 Bxd2 22. Rxd2 Kf7 23. f3 Rac8 24. Nb4 Rc3 25. Rb2 Rhc8 26. Nc6 Nfd7 27. Nxa7 Rb8 28. Nc6 Rb7 29. Ra1 Nc8 30. Rxa6 Rbxb3 31. Rxb3 Rxb3 32. Ra2 g6 33. e5 1-0

[Event "BUL-ch Seniors"]
[Site "Sofia"]
[Date "2011.05.14"]
[Round "1"]
[White "Atanasov, Stojan"]
[Black "Ribarov, Plamen"]
[Result "0-1"]
[WhiteElo "1865"]
[BlackElo "2068"]
[PlyCount "96"]
[EventDate "2011.05.14"]
[EventType "swiss"]
[EventRounds "9"]
[EventCountry "BUL"]
[SourceTitle "CBM 142 Extra"]
[Source "ChessBase"]
[SourceDate "2011.06.27"]
[SourceVersion "1"]
[SourceVersionDate "2011.06.27"]
[SourceQuality "1"]

1. e4 c6 2. Nc3 d5 3. d3 dxe4 4. Nxe4 Bf5 5. Ng3 Bg6 6. Nf3 e6 7. Be2 Bd6 8. 0-0 Nd7 9. Bg5 Qc7 10. Ne4 Ngf6 11. Nxd6+ Qxd6 12. Qd2 Nd5 13. Bh4 Qf4 14. Bg3 Qxd2 15. Nxd2 N7b6 16. c3 0-0-0 17. d4 Rd7 18. a4 Rhd8 19. a5 Na8 20. Nc4 Nac7 21. Ne5 Re7 22. a6 f6 23. axb7+ Kxb7 24. Nxg6 hxg6 25. Bd3 g5 26. Rfe1 Nf4 27. Bxf4 gxf4 28. Re4 g5 29. Bc4 e5 30. Rae1 Rde8 31. Kf1 Nb5 32. d5 Nd6 33. dxc6+ Kxc6 34. Bb3 Nxe4 35. Ba4+ Kd5 36. Bxe8 Rxe8 37. Rd1+ Kc6 38. Ra1 Re7 39. f3 Nd6 40. Ra6+ Kd5 41. b3 Ne8 42. Ke2 f5 43. Rg6 g4 44. fxg4 fxg4 45. Rxg4 Rg7 46. Rxg7 Nxg7 47. h4 Nf5 48. h5 e4 0-1

[Event "Teteven op 23rd"]
[Site "Teteven"]
[Date "2008.08.18"]
[Round "3"]
[White "Ribarov, Plamen"]
[Black "Stoinev, Metodi"]
[Result "0-1"]
[WhiteElo "2128"]
[BlackElo "2278"]
[PlyCount "110"]
[EventDate "2008.08.16"]
[EventType "swiss"]
[EventRounds "9"]
[EventCountry "BUL"]
[SourceTitle "CBM 126 Extra"]
[Source "ChessBase"]
[SourceDate "2008.11.05"]
[SourceVersion "1"]
[SourceVersionDate "2008.11.05"]
[SourceQuality "1"]

1. d4 Nf6 2. Nf3 g6 3. c4 Bg7 4. Nc3 d6 5. e4 0-0 6. Be2 c5 7. 0-0 Bg4 8. d5 e6 9. Bg5 h6 10. Bxf6 Bxf6 11. Qd2 exd5 12. Nxd5 Bg7 13. Rfd1 Bxf3 14. Bxf3 Nc6 15. Rab1 Nd4 16. b4 b6 17. a4 Nxf3+ 18. gxf3 f5 19. Nf4 Qg5+ 20. Ng2 Qxd2 21. Rxd2 Bd4 22. Re2 Rae8 23. a5 fxe4 24. fxe4 Rf3 25. bxc5 Bxc5 26. axb6 axb6 27. Rc1 g5 28. Kf1 h5 29. Ne1 Rf4 30. Nd3 Rfxe4 31. Rxe4 Rxe4 32. Nxc5 dxc5 33. Rb1 Re6 34. Kg2 Kf7 35. Kg3 Rd6 36. Rb3 Kf6 37. h4 Kg6 38. hxg5 Kxg5 39. Re3 Kf5 40. Rb3 Ke4 41. Rb1 Rf6 42. Rc1 Rf3+ 43. Kg2 Rf5 44. Rb1 Rg5+ 45. Kf1 Rg6 46. Ke2 Kd4 47. Rc1 h4 48. f4 Ke4 49. Rh1 Rh6 50. Rf1 Rf6 51. Rb1 Kxf4 52. Rf1+ Ke5 53. Rh1 Rh6 54. Kd3 h3 55. Rh2 Kf4 0-1